Mediastino /

Guardado en:
Autor Principal: Favaloro, René
Formato: Deslizar
Materias:
Etiquetas: Agregar Etiqueta
Sin Etiquetas, Sea el primero en etiquetar este registro!
LEADER 00761ngm a22002295g 4500
001 CEM.cems022237
008 130507b1996##################0###0#####d
005 20241014161509.0
245 1 0 |a Mediastino /  |c René Favaloro. 
300 |a 20'. 
500 |a En soporte VHS, consultar en ventanilla. 
505 0 |a El mediastino: descripción, elementos y ubicación. Relaciones entre los órganos. 
538 |a Soporte: VHS - Norma: Pal N - Color - Grabación DRD 1996 - Hitachi=2741 
100 1 |a Favaloro, René 
082 6 1 |. 8/FAV-2 
653 |a BIOLOGIA 
653 |a ANATOMIA 
653 |a SALUD 
653 |a MEDIASTINO 
653 |a NIVEL PRIMARIO 
653 |a NIVEL SECUNDARIO 
859 |a CEMS  |b BIB. CEMS - Depto. Recursos Didacticos  |h 611.8  |i FAV-2  |k DRD  |p 880.12  |t Ej.1